banner-ar

AERADYNAMICS FOR THE PROFESSIONAL PILOT / (Record no. 11225)

MARC details
000 -الفاتح
حقل البيانات ثابتة الطول 00490nam a2200181Ia 4500
008 - عناصر البيانات ثابتة الطول - معلومات عامة
حقل البيانات ثابتة الطول 140319s9999 xx 000 0 eng d
040 ## - مصدر الفهرسة
وكالة الفهرسة الأصلية GCL /
وكالة النسخ GCL
082 04 - رقم تصنيف ديوى العشرى
رقم التصنيف 629.T323
رقم المادة B A
100 1# - المدخل الرئيسى - إسم شخصى
الإسم الشخصى BAWYER, RICHARD
245 10 - بيان العنوان
العنوان AERADYNAMICS FOR THE PROFESSIONAL PILOT /
بيان المسئوليه,etc BAWYER, RICHARD
260 ## - PUBLICATION, DISTRIBUTION, ETC. (IMPRINT)
تاريخ النشر أو التوزيع 1992
300 ## - الوصف المادى
التعداد 107P
650 04 - المدخل الاضافى بالموضوع-مصطلح موضوعى
مصطلح موضوعي AERODYNAMICS
650 04 - المدخل الاضافى بالموضوع-مصطلح موضوعى
مصطلح موضوعي AIRPLANES - AIRADYNMICS
650 04 - المدخل الاضافى بالموضوع-مصطلح موضوعى
مصطلح موضوعي GAS - HURBINES
942 ## - عناصر المدخل الإضافي( كوها)
مصدر التصنيف او مخطط الترفيف Dewey Decimal Classification
Koha [default] item type كتاب
260 ## - PUBLICATION, DISTRIBUTION, ETC. (IMPRINT)
-- [S.N] :
-- AIRLIFE PUBLISHING ،
Holdings
حالة التراجع حالة الفقد حالة تلف ليس للاعارة المكان المؤقت الموقع الحالى تاريخ الاكتساب اجمالي اﻻعارات رقم الطلب الباركود تاريخ اخر مشاهدة تاريخ تفعيل السعر نوع وعاء كوها
        مكتبة القاهرة الكبرى مكتبة القاهرة الكبرى 03/26/2014   629.T323\B A 22309 03/26/2014 03/26/2014 كتاب

Powered By

EGPV